000
00478nam a2200157Ia 4500
008
100204s9999 xx 000 0 und d
082
_b
24561
100
_a
पेन कॅरन
245
_a
हितगुज
260
_b
"मेहता पब्लिशिंग हाऊस , पुणे"
_c
2000
300
_a
270
630
_a
हितगुज
700
_a
दाभोळकर वृंदा
730
_a
हितगुज
942
_c
BOOK
999
_c
469740
_d
469737